[Event "POL-chT 2nd League"]
[Site "Wysowa"]
[Date "2003.09.14"]
[Round "11"]
[White "Banasik, Henryk"]
[Black "Baj, Michal"]
[Result "1/2-1/2"]
[WhiteElo "2168"]
[BlackElo "2114"]
[PlyCount "47"]
[EventDate "2003.09.06"]
[EventType "team-swiss"]
[EventRounds "11"]
[EventCountry "POL"]
[SourceTitle "CBM 096 Extra"]
[Source "ChessBase"]
[SourceDate "2003.10.22"]
[SourceVersion "2"]
[SourceVersionDate "2003.10.20"]
[SourceQuality "1"]
[WhiteTeam "Bytom Szombierki"]
[BlackTeam "Gliwice Roszada"]
[WhiteTeamCountry "POL"]
[BlackTeamCountry "POL"]

1. e4 c6 2. d4 d5 3. Nc3 dxe4 4. Nxe4 Bf5 5. Ng3 Bg6 6. Nf3 Nd7 7. h4 h6 8. h5 Bh7 9. Bc4 e6 10. Qe2 Ngf6 11. 0-0 Nd5 12. a3 Be7 13. Ba2 0-0 14. c4 N5f6 15. Bf4 Re8 16. Rfd1 Qb6 17. Ne5 Qa6 18. b4 Rad8 19. b5 cxb5 20. cxb5 Qb6 21. a4 Nd5 22. Bxd5 exd5 23. Nxd7 Rxd7 24. Qg4 1/2-1/2

[Event "POL-chT 2nd League"]
[Site "Wysowa"]
[Date "2003.09.13"]
[Round "10"]
[White "Baj, Michal"]
[Black "Kujawski, Kazimierz"]
[Result "1/2-1/2"]
[WhiteElo "2114"]
[BlackElo "2069"]
[PlyCount "52"]
[EventDate "2003.09.06"]
[EventType "team-swiss"]
[EventRounds "11"]
[EventCountry "POL"]
[SourceTitle "CBM 096 Extra"]
[Source "ChessBase"]
[SourceDate "2003.10.22"]
[SourceVersion "2"]
[SourceVersionDate "2003.10.20"]
[SourceQuality "1"]
[WhiteTeam "Gliwice Roszada"]
[BlackTeam "Glogow MOK Chrobry"]
[WhiteTeamCountry "POL"]
[BlackTeamCountry "POL"]

1. e4 c6 2. d4 d5 3. Nc3 dxe4 4. Nxe4 Nf6 5. Nxf6+ exf6 6. c3 Bd6 7. Bd3 0-0 8. Qc2 h6 9. Ne2 Re8 10. Be3 Nd7 11. 0-0-0 Nf8 12. Rdg1 Be6 13. Kb1 b5 14. h4 h5 15. Bd2 f5 16. f3 Qd7 17. g3 g6 18. Rg2 Nh7 19. Rhg1 Nf6 20. Nf4 Bxf4 21. Bxf4 Qd5 22. b3 Qxf3 23. Be5 Ng4 24. Be2 Qe4 25. Bxg4 Qxc2+ 26. Kxc2 fxg4 1/2-1/2

[Event "POL-chT 2nd League"]
[Site "Wysowa"]
[Date "2003.09.07"]
[Round "2"]
[White "Baj, Michal"]
[Black "Krokay, Urszula"]
[Result "1-0"]
[WhiteElo "2114"]
[BlackElo "1953"]
[PlyCount "65"]
[EventDate "2003.09.06"]
[EventType "team-swiss"]
[EventRounds "11"]
[EventCountry "POL"]
[SourceTitle "CBM 096 Extra"]
[Source "ChessBase"]
[SourceDate "2003.10.22"]
[SourceVersion "2"]
[SourceVersionDate "2003.10.20"]
[SourceQuality "1"]
[WhiteTeam "Gliwice Roszada"]
[BlackTeam "Wroclaw Srodmiescie"]
[WhiteTeamCountry "POL"]
[BlackTeamCountry "POL"]

1. e4 e5 2. Nf3 Nc6 3. Bc4 Nf6 4. 0-0 Nxe4 5. Nc3 d5 6. Bxd5 Nxc3 7. dxc3 Bd6 8. Ng5 Be6 9. Nxe6 fxe6 10. Bxe6 Qf6 11. Qg4 h5 12. Bd7+ Ke7 13. Qf5 Qxf5 14. Bxf5 Raf8 15. Bg5+ Kf7 16. Be4 g6 17. Rae1 Kg7 18. Re3 h4 19. Rh3 Rh5 20. Be3 a6 21. Rd1 Nd8 22. c4 b6 23. Bxb6 Ne6 24. Be3 g5 25. g3 Nc5 26. Bd5 Kh7 27. b4 Na4 28. c5 Nc3 29. Rd3 Nxd5 30. Rxd5 Be7 31. g4 Rh6 32. Rd7 Re6 33. Bxg5 1-0

[Event "POL-chT 58th 2nd League"]
[Site "Wisla"]
[Date "2002.??.??"]
[Round "?"]
[White "Szczesniak, Konrad"]
[Black "Baj, Michal"]
[Result "1-0"]
[WhiteElo "2208"]
[BlackElo "2175"]
[PlyCount "40"]
[EventDate "2002.08.30"]
[EventType "team-swiss"]
[EventRounds "11"]
[EventCountry "POL"]
[SourceTitle "EXT 2019"]
[Source "ChessBase"]
[SourceDate "2018.10.10"]
[SourceVersion "1"]
[SourceVersionDate "2018.10.10"]
[SourceQuality "1"]

1. d4 d6 2. c4 e5 3. e3 Nd7 4. Nc3 g6 5. Nf3 Bg7 6. Be2 Ne7 7. 0-0 0-0 8. Qc2 f5 9. Ng5 Nf6 10. dxe5 dxe5 11. Rd1 Qe8 12. Nd5 h6 13. Nf3 Nfxd5 14. cxd5 e4 15. Nd4 Nxd5 16. Bc4 c6 17. Qb3 Qe5 18. Ne2 Kh7 19. Bxd5 cxd5 20. Rxd5 Be6 1-0